The duchess / (Record no. 18487)
[ view plain ]
| 000 -LEADER | |
|---|---|
| fixed length control field | 01395nam a22001457a 4500 |
| 008 - FIXED-LENGTH DATA ELEMENTS--GENERAL INFORMATION | |
| fixed length control field | 231122b ||||| |||| 00| 0 eng d |
| 020 ## - INTERNATIONAL STANDARD BOOK NUMBER | |
| International Standard Book Number | 9781509800278 |
| 082 ## - DEWEY DECIMAL CLASSIFICATION NUMBER | |
| Edition number | 2017 |
| Classification number | DFic |
| Item number | St321 |
| 100 ## - MAIN ENTRY--PERSONAL NAME | |
| Personal name | Steel, Danielle. |
| 9 (RLIN) | 41707 |
| 245 ## - TITLE STATEMENT | |
| Title | The duchess / |
| Statement of responsibility, etc. | Danielle Steel. |
| 260 ## - PUBLICATION, DISTRIBUTION, ETC. (IMPRINT) | |
| Place of publication, distribution, etc. | New York : |
| Name of publisher, distributor, etc. | Pan Books, |
| Date of publication, distribution, etc. | ©2017. |
| 300 ## - PHYSICAL DESCRIPTION | |
| Extent | x, 415 pages ; |
| Dimensions | 20 cm. |
| 520 ## - SUMMARY, ETC. | |
| Summary, etc. | Angelique Latham has been lovingly raised at Belgrave Castle by her father, the death of her aristocratic French mother. At eighteen she is her father's most trusted child, schooled in managing their magnificent estate. But when he dies, her half-brothers brutally turn her out. To survive, Angelique will need all her resources-her keen mind and remarkable beauty-and one bold stroke of fortune. Unable to secure employment after losing her first job as a nanny, Angelique desperately makes her way to Paris, where she rescue a young woman fleeing an abusive madam-and sees a possibility: Open an elegant house of pleasure that will protect its women and serve only the best clients. With her father's modest bequest, which he left her in secret, and her impeccable style, Angelique creates Le Boudoir, a sensation establishment where powerful men, secret desires, and sophisticated women come together. But living on the edge of scandal, can she ever make a life of her own- or regain her rightful place? |
| 942 ## - ADDED ENTRY ELEMENTS (KOHA) | |
| Source of classification or shelving scheme | Dewey Decimal Classification |
| Koha item type | Fiction |
| Withdrawn status | Lost status | Source of classification or shelving scheme | Damaged status | Not for loan | Collection code | Home library | Current library | Shelving location | Date acquired | Source of acquisition | Cost, normal purchase price | Total Checkouts | Full call number | Barcode | Date last seen | Price effective from | Koha item type |
|---|---|---|---|---|---|---|---|---|---|---|---|---|---|---|---|---|---|
| Dewey Decimal Classification | Fiction | UM Digos College - LIC | UM Digos College - LIC | Book Cart | 08/08/2023 | Purchased | 599.00 | DFic St321 2017 | 28132 | 03/09/2026 | 11/22/2023 | Fiction |
